000 00849nam a2200265Ia 4500
003 OSt
005 20220925223907.0
006 a|||||r|||| 00| 0
007 ta
008 220923b |||||||| |||| 00| 0 eng d
020 _a9780415680967
_c2535.1199999999999
037 _bBBS/0144, 14/03/2014, Better Book Service
_cGeneral Book
040 _aRTL
_cRTL
_beng
041 _2eng
_aeng
082 _aU5.49Df, Q4
100 _aANDERSON Liam D
_930754
245 0 _aAtlas of middle eastern affairs. Cartography by Ian M. Cool
250 _a2
260 _aLondon
_bRoutledge
_c2014
300 _axx, 328p
_ccm.
650 _aGeography
700 _a ANDERSON Ewan W
_9255644
942 _hU5.49Df, Q4
_cGB
_2CC
999 _c580592
_d580592